Fundamentos de química analítica
Saved in:
| Main Authors: | , |
|---|---|
| Format: | Bog |
| Sprog: | spansk |
| Udgivet: |
Barcelona
Reverté
1970
|
| Fag: | |
| Tags: |
Tilføj Tag
Ingen Tags, Vær først til at tagge denne postø!
|
MARC
| LEADER | 00000nam a2200000 a 4500 | ||
|---|---|---|---|
| 001 | UCR4837 | ||
| 003 | CL-VaPUC | ||
| 008 | 980320e19700000SP |||||||||||||||||spa|d | ||
| 082 | 0 | 4 | |a 543 |b SKO |2 21 |
| 100 | 0 | |a Skoog, Douglas A |e author |9 405324 | |
| 700 | 0 | |a West, Donald M |e author |9 405325 | |
| 245 | 1 | 0 | |a Fundamentos de química analítica |
| 300 | |a 2 v | ||
| 942 | |c BK | ||
| 945 | |d 19980320 00:00:00 |a aolguin | ||
| 260 | |a Barcelona |b Reverté |c 1970 | ||
| 650 | 0 | |a Química analítica |9 259648 | |
| 650 | 0 | |a Análisis gravimétrico |9 345155 | |
| 650 | 0 | |a Análisis volumétrico |9 345156 | |
| 650 | 7 | |a ELECTROANALISIS |2 CL-VaPUC |9 339675 | |
| 650 | 0 | |a Polarografía |v Análisis |9 345157 | |
| 650 | 0 | |a Análisis |9 259550 | |
| 583 | |a last modification |c 19980320 00:00:00 |k Rodrigo Vera | ||
| 999 | |c 267640 |d 267638 | ||
| 952 | |0 0 |1 0 |4 0 |6 543_000000000000000_SKO_1970 |7 0 |8 A |9 300097 |a BIBALI |b BIBALI |c GEN |d 2019-11-20 |h v.2 |i 195931K |o 543 SKO 1970 |p 195931K |r 2025-01-20 |w 2019-11-20 |y BK |k ALI | ||